Normal view
MARC view
- Ginn,Silver Burdett
Entry Personal Name
001 - CONTROL NUMBER
- control field: 102256
003 - CONTROL NUMBER IDENTIFIER
- control field: NUST
005 - DATE AND TIME OF LATEST TRANSACTION
- control field: 20221102131150.0
008 - FIXED-LENGTH DATA ELEMENTS
- fixed length control field: 221102|| aca||aabn | a|a d
040 ## - CATALOGING SOURCE
- Original cataloging agency: NUST
- Transcribing agency: NUST
100 ## - HEADING--PERSONAL NAME
- Personal name: Ginn,Silver Burdett
670 ## - SOURCE DATA FOUND
- Source citation: Work cat.: (NUST)180054: Ginn,Silver Burdett, Assessment Guide, , 1998
